000 00411nam a22001337a 4500
020 _a978-81-317-3353-0
082 _a338.092 PAU/MA
100 _aPAUL. G. KEAT ,PHILIP K.Y.YOUNG ,SREEJATHA BANERJEE
245 _aMANAGERIAL ECONOMICS:ECONOMIC TOOLS FOR TODAYS DECISION MAKERS
250 _a6
260 _aCHENNAI, DELHI
_bPEARSON INDIA EDUCATION SERVICRES PVT LTD
_c2011
300 _a551
942 _2ddc
_cBK
999 _c189657
_d189657